[Event "USA-ch U16"]
[Site "Schaumburg"]
[Date "2022.07.10"]
[Round "7"]
[White "Chen, Ryo"]
[Black "Lu, Ming"]
[Result "1/2-1/2"]
[WhiteElo "2242"]
[BlackElo "2382"]
[PlyCount "119"]
[EventDate "2022.07.07"]
[EventType "tourn"]
[EventRounds "9"]
[EventCountry "USA"]
[EventCategory "5"]
[SourceTitle "CBM 209 Extra"]
[Source "ChessBase"]
[SourceDate "2022.09.30"]
[SourceVersion "1"]
[SourceVersionDate "2022.09.30"]
[SourceQuality "1"]

1. e4 e6 2. d4 d5 3. Nd2 Be7 4. Ngf3 Nf6 5. e5 Nfd7 6. Bd3 c5 7. c3 b6 8. 0-0 Ba6 9. Bxa6 Nxa6 10. Re1 b5 11. Nf1 Nc7 12. Ng3 h6 13. a4 bxa4 14. Qxa4 0-0 15. dxc5 Nxc5 16. Qg4 Kh7 17. Be3 a5 18. Rad1 Rb8 19. Nh5 Rg8 20. Qh3 Ne4 21. Bc1 Ng5 22. Nxg5+ Bxg5 23. f4 Be7 24. f5 Bg5 25. f6 Bxc1 26. fxg7 Qg5 27. Rxc1 Rb7 28. b4 Rxb4 29. Qe3 Rb2 30. Qd3+ Qf5 31. Nf6+ Kxg7 32. Qxf5 exf5 33. Nxg8 Kxg8 34. Ra1 Ne6 35. Rxa5 Nf4 36. Kh1 Rxg2 37. Rg1 Rxg1+ 38. Kxg1 Ne2+ 39. Kf2 Nxc3 40. Ke3 Kg7 41. Rc5 Ne4 42. Rxd5 Ng5 43. Rd1 Ne6 44. Rg1+ Kh7 45. Kd3 Nf4+ 46. Kc4 Ne6 47. Kd5 Ng5 48. Kd6 Nf3 49. Rg2 Nh4 50. Rf2 Kg6 51. Rf1 Kg5 52. Kd5 Kg4 53. Rg1+ Kf4 54. Rf1+ Nf3 55. e6 fxe6+ 56. Kxe6 Ke4 57. Rxf3 Kxf3 58. Kxf5 h5 59. h4 Ke3 60. Kg6 1/2-1/2

[Event "USA-ch U16"]
[Site "Schaumburg"]
[Date "2022.07.08"]
[Round "2"]
[White "Liang, Jason"]
[Black "Lu, Ming"]
[Result "1-0"]
[WhiteElo "2460"]
[BlackElo "2382"]
[PlyCount "37"]
[EventDate "2022.07.07"]
[EventType "tourn"]
[EventRounds "9"]
[EventCountry "USA"]
[EventCategory "5"]
[SourceTitle "CBM 209 Extra"]
[Source "ChessBase"]
[SourceDate "2022.09.30"]
[SourceVersion "1"]
[SourceVersionDate "2022.09.30"]
[SourceQuality "1"]

1. e4 e6 2. d4 d5 3. Nc3 Nf6 4. e5 Nfd7 5. f4 c5 6. Nf3 Nc6 7. Be3 Rb8 8. Qd2 Qa5 9. dxc5 Bxc5 10. Bxc5 Nxc5 11. Nb5 Qxd2+ 12. Kxd2 f6 13. Bd3 0-0 14. Rhf1 g5 15. exf6 gxf4 16. Rae1 Rxf6 17. Ne5 Bd7 18. Nxd7 Nxd7 19. c4 1-0

[Event "USA-ch U16"]
[Site "Schaumburg"]
[Date "2022.07.07"]
[Round "1"]
[White "Lu, Ming"]
[Black "Mardov, Dimitar"]
[Result "0-1"]
[WhiteElo "2382"]
[BlackElo "2396"]
[PlyCount "114"]
[EventDate "2022.07.07"]
[EventType "tourn"]
[EventRounds "9"]
[EventCountry "USA"]
[EventCategory "5"]
[SourceTitle "CBM 209 Extra"]
[Source "ChessBase"]
[SourceDate "2022.09.30"]
[SourceVersion "1"]
[SourceVersionDate "2022.09.30"]
[SourceQuality "1"]

1. c4 e5 2. Nc3 Nc6 3. Nf3 Bb4 4. Nd5 Be7 5. d4 d6 6. e3 Nf6 7. Be2 0-0 8. 0-0 Re8 9. b3 e4 10. Nd2 Nxd5 11. cxd5 Nb4 12. Nxe4 Nxd5 13. Bf3 c6 14. Ng3 Nc7 15. e4 d5 16. e5 f5 17. Be2 g6 18. f4 Ne6 19. Kh1 Rf8 20. Be3 Bd7 21. Bd3 Rc8 22. Ne2 b6 23. Rb1 a5 24. Rc1 Ba3 25. Rc2 Qe7 26. Bc1 Bb4 27. Bb2 Qf7 28. Qc1 Be7 29. Ba3 c5 30. Bb2 Bc6 31. Qd2 Bb7 32. Rcc1 h5 33. Ba1 Rfd8 34. h3 h4 35. g4 hxg3 36. Rg1 Qh7 37. Rxg3 Kf7 38. Kh2 Bh4 39. Rf3 c4 40. Bb1 Ba6 41. bxc4 Bxc4 42. Bd3 Bxd3 43. Rxd3 g5 44. Rb1 Rc6 45. Rc3 Rxc3 46. Qxc3 Qh5 47. Qd3 gxf4 48. Rxb6 f3 49. Rb7+ Kg8 50. Ng3 Bxg3+ 51. Kxg3 Kh8 52. Qxf3 Rg8+ 53. Kf2 Qh4+ 54. Ke2 Nf4+ 55. Kf1 Rg3 56. Qh1 Rxh3 57. Rb8+ Kh7 0-1

[Event "PNWCC Last Dance-B"]
[Site "Redmond"]
[Date "2022.06.19"]
[Round "3"]
[White "Lu, Ming"]
[Black "Sivakumar, Shaaketh"]
[Result "1-0"]
[WhiteElo "2342"]
[BlackElo "2108"]
[PlyCount "85"]
[EventDate "2022.06.18"]
[EventType "tourn"]
[EventRounds "9"]
[EventCountry "USA"]
[EventCategory "1"]
[SourceTitle "EXT 2024"]
[Source "ChessBase"]
[SourceDate "2023.10.10"]
[SourceVersion "1"]
[SourceVersionDate "2023.10.10"]
[SourceQuality "1"]

1. d4 e6 2. c4 b6 3. a3 Bb7 4. Nc3 Nf6 5. d5 Bd6 6. Nf3 0-0 7. e4 exd5 8. exd5 Na6 9. Bg5 Be7 10. h4 Nc5 11. Qc2 a5 12. 0-0-0 d6 13. Kb1 c6 14. dxc6 Bxc6 15. Nd4 Qd7 16. Nxc6 Qxc6 17. Be2 Rac8 18. Bf3 Qd7 19. Nb5 Ne6 20. Be3 Nc5 21. h5 Ne8 22. h6 g6 23. Bd4 Rd8 24. Ka2 Rb8 25. Qd2 Ne6 26. Be3 Qc8 27. Bd5 Qd7 28. f4 N6c7 29. Nxc7 Nxc7 30. Qc3 Ne8 31. Bd4 b5 32. cxb5 Qxb5 33. Bc4 Qf5 34. Rde1 Bd8 35. g4 Qxf4 36. Rhf1 Qxh6 37. Bxf7+ Rxf7 38. Rxe8+ Qf8 39. Rxf8+ Kxf8 40. Rxf7+ Kxf7 41. Qc4+ Ke7 42. Qg8 Kd7 43. Qxh7+ 1-0

[Event "Redmond"]
[Site "Redmond"]
[Date "2022.05.29"]
[Round "6"]
[White "Lu, Ming"]
[Black "Levine, Joseph1111"]
[Result "1/2-1/2"]
[WhiteElo "2342"]
[BlackElo "2200"]
[PlyCount "147"]
[EventDate "2022.05.26"]
[EventType "tourn"]
[EventRounds "9"]
[EventCountry "USA"]
[EventCategory "1"]
[SourceTitle "CBM 209 Extra"]
[Source "ChessBase"]
[SourceDate "2022.09.30"]
[SourceVersion "1"]
[SourceVersionDate "2022.09.30"]
[SourceQuality "1"]

1. c4 e6 2. Nf3 Nf6 3. g3 d5 4. Bg2 Be7 5. 0-0 0-0 6. b3 d4 7. e3 c5 8. Ne5 Nfd7 9. exd4 cxd4 10. Nxd7 Qxd7 11. Ba3 Nc6 12. d3 Nb4 13. Bb2 a5 14. a3 Nc6 15. Nd2 e5 16. Rc1 Bc5 17. Ne4 Qe7 18. Nxc5 Qxc5 19. f4 Be6 20. f5 Bd7 21. f6 g6 22. Qd2 Rfe8 23. h4 Kh8 24. Be4 Rg8 25. Qg5 Qf8 26. Rc2 Bf5 27. Rxf5 gxf5 28. Qxf5 Rxg3+ 29. Kh2 Qg8 30. Bc1 Rg4 31. Bg5 Rxe4 32. dxe4 Qg6 33. Qf3 Rg8 34. Rg2 h5 35. Rb2 Nd8 36. b4 axb4 37. axb4 Ne6 38. Rg2 b6 39. Rg3 Rc8 40. Bf4 Qh7 41. Bxe5 Rxc4 42. Qf5 Qxf5 43. exf5 Nd8 44. Bf4 Rc3 45. Rg5 Rc2+ 46. Kg3 Rc6 47. Rxh5+ Kg8 48. Rg5+ Kf8 49. h5 Rxf6 50. Be5 d3 51. Kf2 Rc6 52. h6 f6 53. h7 Nf7 54. Rg8+ Ke7 55. Bf4 Rc4 56. Bg3 Re4 57. Rg7 d2 58. h8Q d1Q 59. Rxf7+ Kxf7 60. Qh7+ Ke8 61. Qg8+ Kd7 62. Kg2 Qe2+ 63. Kg1 Qd1+ 64. Kg2 Re2+ 65. Bf2 Qd3 66. Qf7+ Re7 67. Qxf6 Qd5+ 68. Kg3 b5 69. Qd4 Qxd4 70. Bxd4 Re4 71. Bc5 Rc4 72. Kf3 Ke8 73. f6 Kf7 74. Be7 1/2-1/2

[Event "Redmond"]
[Site "Redmond"]
[Date "2022.05.29"]
[Round "7"]
[White "Lu, Ming"]
[Black "Yu, Jiangwei"]
[Result "1-0"]
[WhiteElo "2342"]
[BlackElo "2208"]
[PlyCount "63"]
[EventDate "2022.05.26"]
[EventType "tourn"]
[EventRounds "9"]
[EventCountry "USA"]
[EventCategory "1"]
[SourceTitle "CBM 209 Extra"]
[Source "ChessBase"]
[SourceDate "2022.09.30"]
[SourceVersion "1"]
[SourceVersionDate "2022.09.30"]
[SourceQuality "1"]

1. c4 Nc6 2. Nc3 e6 3. d4 d5 4. Nf3 Nf6 5. Bg5 Be7 6. e3 0-0 7. a3 a5 8. Bd3 dxc4 9. Bxc4 Nd5 10. Bxe7 Ncxe7 11. 0-0 b6 12. Qe2 Nxc3 13. bxc3 Bb7 14. e4 Qd6 15. Ne5 Rad8 16. f4 c5 17. f5 cxd4 18. f6 gxf6 19. Ng4 Kh8 20. Qf2 Ng8 21. Nxf6 Qe5 22. Nxh7 Rfe8 23. Rae1 Qg7 24. Qh4 Qxh7 25. Qxh7+ Kxh7 26. Rxf7+ Kh6 27. Rxb7 dxc3 28. Rxb6 Nf6 29. Bxe6 c2 30. Bb3 Rxe4 31. Rxf6+ Kg5 32. Rff1 1-0

[Event "Redmond"]
[Site "Redmond"]
[Date "2022.05.26"]
[Round "1"]
[White "Tang, Zoey"]
[Black "Lu, Ming"]
[Result "1-0"]
[WhiteElo "2098"]
[BlackElo "2342"]
[PlyCount "89"]
[EventDate "2022.05.26"]
[EventType "tourn"]
[EventRounds "9"]
[EventCountry "USA"]
[EventCategory "1"]
[SourceTitle "CBM 209 Extra"]
[Source "ChessBase"]
[SourceDate "2022.09.30"]
[SourceVersion "1"]
[SourceVersionDate "2022.09.30"]
[SourceQuality "1"]

1. Nf3 d5 2. e3 Nf6 3. c4 c6 4. Nc3 e6 5. b3 Bd6 6. Bb2 e5 7. Be2 0-0 8. Qc2 Bg4 9. h3 Bh5 10. 0-0 Re8 11. d4 e4 12. Ne5 Bxe2 13. Qxe2 Nbd7 14. Nxd7 Qxd7 15. a4 Rad8 16. a5 a6 17. Ba3 Bb8 18. Rfc1 Qc7 19. g3 Qd7 20. Kg2 Qe6 21. Na4 Nd7 22. Bc5 f5 23. cxd5 cxd5 24. Bb6 Rc8 25. b4 Rc6 26. b5 axb5 27. Qxb5 Rec8 28. Rxc6 Rxc6 29. Nc5 Nxc5 30. Bxc5 Qc8 31. Qb3 h6 32. Rb1 Bc7 33. Qxd5+ Kh8 34. Be7 Qe6 35. Qxe6 Rxe6 36. d5 Rxe7 37. Rxb7 Rd7 38. a6 Rxd5 39. a7 Ra5 40. Rb8+ Kh7 41. a8Q Rxa8 42. Rxa8 Kg6 43. Ra6+ Kh7 44. g4 fxg4 45. hxg4 1-0

[Event "San Jose Mission 360-B"]
[Site "San Jose"]
[Date "2022.04.05"]
[Round "9"]
[White "Lu, Ming"]
[Black "Lee, Michael"]
[Result "1-0"]
[WhiteElo "2337"]
[BlackElo "2372"]
[PlyCount "59"]
[EventDate "2022.04.01"]
[EventType "tourn"]
[EventRounds "9"]
[EventCountry "USA"]
[EventCategory "6"]
[SourceTitle "CBM 207 Extra"]
[Source "ChessBase"]
[SourceDate "2022.05.31"]
[SourceVersion "1"]
[SourceVersionDate "2022.05.31"]
[SourceQuality "1"]

1. c4 e6 2. Nf3 d5 3. g3 d4 4. Bg2 c5 5. e3 Nc6 6. 0-0 Nf6 7. exd4 cxd4 8. d3 Bd6 9. Na3 Bxa3 10. bxa3 0-0 11. Re1 Qd6 12. Qe2 Nd7 13. Ng5 h6 14. Ne4 Qe7 15. f4 Nc5 16. Nxc5 Qxc5 17. Rb1 b6 18. f5 exf5 19. Rb5 Qd6 20. Bf4 Qd7 21. Rd5 Qb7 22. Qf3 Qa6 23. Rd6 Bb7 24. Qh5 Rae8 25. Rxe8 Rxe8 26. Bd5 Re7 27. Rxh6 gxh6 28. Bxh6 Ne5 29. Qg5+ Ng6 30. Qxg6+ 1-0

[Event "San Jose Mission 360-B"]
[Site "San Jose"]
[Date "2022.04.02"]
[Round "3"]
[White "Lu, Ming"]
[Black "Mei, Austin"]
[Result "1-0"]
[WhiteElo "2337"]
[BlackElo "2336"]
[PlyCount "87"]
[EventDate "2022.04.01"]
[EventType "tourn"]
[EventRounds "9"]
[EventCountry "USA"]
[EventCategory "6"]
[SourceTitle "CBM 207 Extra"]
[Source "ChessBase"]
[SourceDate "2022.05.31"]
[SourceVersion "1"]
[SourceVersionDate "2022.05.31"]
[SourceQuality "1"]

1. c4 e5 2. Nc3 Nf6 3. Nf3 Nc6 4. e4 Bb4 5. d3 0-0 6. a3 Bxc3+ 7. bxc3 d6 8. g3 a6 9. a4 h6 10. Bg2 Be6 11. 0-0 Qd7 12. Nh4 g5 13. f4 Bg4 14. Nf3 Nh7 15. fxg5 hxg5 16. h3 Bxh3 17. Nxg5 Nxg5 18. Bxg5 Qg4 19. Bf6 Qxd1 20. Raxd1 Bg4 21. Rb1 Rfb8 22. Bf3 Be6 23. Rb2 Kf8 24. Rh2 Ke8 25. d4 exd4 26. cxd4 Bxc4 27. Rc1 Nxd4 28. Bg4 Ne6 29. Bxe6 fxe6 30. Rxc4 Kf7 31. e5 Rg8 32. Rxc7+ Kg6 33. Rxb7 Kf5 34. Rf2+ Ke4 35. Kg2 dxe5 36. Rb4+ Kd5 37. Rd2+ Kc6 38. Rc4+ Kb6 39. Rb2+ Ka5 40. Rc5+ Kxa4 41. Rc1 Ka3 42. Bxe5 Rxg3+ 43. Kxg3 Rg8+ 44. Kf3 1-0

[Event "Charlotte CCCSA Spring IM-D"]
[Site "Charlotte"]
[Date "2022.03.19"]
[Round "6"]
[White "Lu, Ming"]
[Black "Rodriguez Rivera, Pedro"]
[Result "1/2-1/2"]
[WhiteElo "2298"]
[BlackElo "2190"]
[PlyCount "146"]
[EventDate "2022.03.16"]
[EventType "tourn"]
[EventRounds "9"]
[EventCountry "USA"]
[EventCategory "1"]
[SourceTitle "CBM 207 Extra"]
[Source "ChessBase"]
[SourceDate "2022.05.31"]
[SourceVersion "1"]
[SourceVersionDate "2022.05.31"]
[SourceQuality "1"]

1. c4 e5 2. Nc3 Nc6 3. Nf3 g6 4. d4 exd4 5. Nxd4 Bg7 6. Nxc6 dxc6 7. Qxd8+ Kxd8 8. Bf4 Be6 9. e3 Bxc3+ 10. bxc3 c5 11. 0-0-0+ Kc8 12. Be2 Ne7 13. Bg5 Nf5 14. Rd2 a5 15. Rhd1 Nd6 16. Be7 Ra6 17. Bxd6 Rxd6 18. Rxd6 cxd6 19. Rxd6 Kc7 20. Rd2 f5 21. h4 Re8 22. Bd3 Bf7 23. h5 Re6 24. h6 Be8 25. Rd1 Bc6 26. Rg1 Be4 27. Kc2 Rd6 28. Bxe4 fxe4 29. f4 exf3 30. gxf3 Re6 31. Kd3 Rd6+ 32. Kc2 Re6 33. Kd3 Rd6+ 34. Ke4 Rd2 35. Rh1 Rxa2 36. Ke5 Rd2 37. e4 Rd6 38. f4 Kd7 39. f5 gxf5 40. exf5 Ke7 41. Rg1 Rxh6 42. Rg7+ Kf8 43. Rxb7 Ra6 44. Rxh7 a4 45. Rh2 a3 46. Ra2 Ke7 47. Kd5 Rf6 48. Rxa3 Rxf5+ 49. Kc6 Kd8 50. Ra8+ Ke7 51. Ra7+ Kd8 52. Ra8+ Ke7 53. Ra1 Kd8 54. Rd1+ Kc8 55. Rd5 Rf3 56. Rh5 Kb8 57. Kb6 Kc8 58. Rxc5+ Kd7 59. Rc7+ Kd8 60. c5 Rxc3 61. Ra7 Kc8 62. Kc6 Kb8 63. Rb7+ Kc8 64. Rh7 Kb8 65. Rh8+ Ka7 66. Rg8 Rc1 67. Kd6 Kb7 68. Rg7+ Kc8 69. Rg4 Kb7 70. Rb4+ Kc8 71. Kc6 Rh1 72. Kb6 Rh6+ 73. c6 Rh1 1/2-1/2

[Event "Charlotte CCCSA Spring IM-D"]
[Site "Charlotte"]
[Date "2022.03.17"]
[Round "2"]
[White "Lu, Ming"]
[Black "Beukes, Dante M"]
[Result "1-0"]
[WhiteElo "2298"]
[BlackElo "2253"]
[PlyCount "171"]
[EventDate "2022.03.16"]
[EventType "tourn"]
[EventRounds "9"]
[EventCountry "USA"]
[EventCategory "1"]
[SourceTitle "CBM 207 Extra"]
[Source "ChessBase"]
[SourceDate "2022.05.31"]
[SourceVersion "1"]
[SourceVersionDate "2022.05.31"]
[SourceQuality "1"]

1. c4 g6 2. e4 Bg7 3. d4 d6 4. Nc3 Nf6 5. h3 0-0 6. Be3 e5 7. d5 a5 8. g4 Na6 9. f3 Nd7 10. Qd2 Ndc5 11. 0-0-0 f5 12. gxf5 gxf5 13. h4 f4 14. Bf2 a4 15. Bh3 a3 16. b3 Nb4 17. Bxc5 dxc5 18. Bxc8 Rxc8 19. Nh3 h6 20. Nf2 Qe7 21. h5 Rfd8 22. Ng4 Kh8 23. Qe2 Rd6 24. Kb1 Rcd8 25. Rc1 Rc8 26. Nd1 Rcd8 27. Ndf2 Nc6 28. Nd3 Nd4 29. Qd1 Rb6 30. Ne1 Rg8 31. Nc2 Nxc2 32. Rxc2 Bf8 33. Qc1 Ra6 34. Rg2 Rg5 35. Rhg1 Rxh5 36. Qc3 Bg7 37. Qc1 Rg5 38. Rh2 Rag6 39. Qxa3 Ra6 40. Qc1 Kg8 41. Rgh1 Qf8 42. Qf1 Rb6 43. Qf2 Ra6 44. Rh3 Rag6 45. Kb2 Ra6 46. Qh2 Qa8 47. a4 Rgg6 48. Ra1 Rgb6 49. Kc2 Qe8 50. Rh5 Rg6 51. Rf5 Rgb6 52. Qh5 Qg6 53. Rh1 Ra8 54. Qxg6 Rxg6 55. Rhh5 Re8 56. Kd3 Rb6 57. Kc2 Rg6 58. Nxe5 Rg2+ 59. Kd3 Rb2 60. Nd7 Rxb3+ 61. Ke2 Ra8 62. Nxc5 Rb2+ 63. Kd3 b6 64. Ne6 Rb3+ 65. Kc2 Rxf3 66. Rxf4 Rxf4 67. Nxf4 Rxa4 68. Kb3 Ra1 69. Ne6 Rb1+ 70. Ka4 Bc3 71. Rxh6 Be5 72. Rh3 Bd6 73. Rb3 Re1 74. Kb5 Rxe4 75. Rc3 Rh4 76. Kc6 Rh7 77. Rc2 Be5 78. Re2 Bd6 79. Rg2+ Kh8 80. Ra2 Rh4 81. Rc2 Rh7 82. Ra2 Rh4 83. Nxc7 Bxc7 84. Kxc7 Rxc4+ 85. Kxb6 Kg7 86. Rf2 1-0

[Event "North American-ch U20"]
[Site "Charlotte"]
[Date "2021.12.21"]
[Round "5"]
[White "Lu, Ming"]
[Black "De la Colina, Nicolas"]
[Result "1/2-1/2"]
[WhiteElo "2318"]
[BlackElo "2108"]
[PlyCount "77"]
[EventDate "2021.12.19"]
[EventType "swiss"]
[EventRounds "9"]
[EventCountry "USA"]
[SourceTitle "CBM 205 Extra"]
[Source "ChessBase"]
[SourceDate "2022.01.31"]
[SourceVersion "1"]
[SourceVersionDate "2022.01.31"]
[SourceQuality "1"]

1. c4 Nf6 2. Nc3 g6 3. e4 d6 4. d4 Bg7 5. h3 0-0 6. Be3 e5 7. d5 Na6 8. g4 Nc5 9. f3 a5 10. Qd2 a4 11. Nge2 c6 12. Ng3 h5 13. Bg5 h4 14. Bxh4 Nfxe4 15. Bxd8 Nxd2 16. Be7 Nxf3+ 17. Kf2 a3 18. Bxd6 axb2 19. Rb1 e4 20. Bxc5 Nd2 21. Rxb2 Bxc3 22. Rc2 e3+ 23. Ke2 Re8 24. Rxc3 Rxa2 25. Kd3 cxd5 26. Bxe3 dxc4+ 27. Kd4 Nf3+ 28. Kc5 Re5+ 29. Kb6 Ra6+ 30. Kc7 Re7+ 31. Kd8 Rae6 32. Kxc8 Ne5 33. Bg2 Rd7 34. Kb8 b6 35. Bb7 Nc6+ 36. Kc8 Ne5 37. Kb8 Nc6+ 38. Kc8 Ne5 39. Kb8 1/2-1/2

[Event "North American-ch U20"]
[Site "Charlotte"]
[Date "2021.12.21"]
[Round "4"]
[White "Woodward, Andy"]
[Black "Lu, Ming"]
[Result "1-0"]
[WhiteElo "2297"]
[BlackElo "2318"]
[PlyCount "55"]
[EventDate "2021.12.19"]
[EventType "swiss"]
[EventRounds "9"]
[EventCountry "USA"]
[SourceTitle "CBM 205 Extra"]
[Source "ChessBase"]
[SourceDate "2022.01.31"]
[SourceVersion "1"]
[SourceVersionDate "2022.01.31"]
[SourceQuality "1"]

1. d4 d5 2. c4 c6 3. Nf3 Nf6 4. Nc3 e6 5. Bg5 Nbd7 6. e3 Qa5 7. Nd2 Bb4 8. Rc1 Ne4 9. Ndxe4 dxe4 10. Bh4 Qxa2 11. Qc2 Nb6 12. Be2 Na4 13. 0-0 Bxc3 14. bxc3 Nxc3 15. Qxc3 Qxe2 16. f3 Qd3 17. Qb4 Qxe3+ 18. Kh1 f6 19. Bf2 Qg5 20. fxe4 Kf7 21. Qd6 Qa5 22. Bh4 Re8 23. Rf3 Rd8 24. Qf4 e5 25. Qg5 Kg8 26. Rxf6 Bd7 27. Rd6 Qc7 28. Qe7 1-0

[Event "Charlotte CCCSA Labor Day IM-C"]
[Site "Charlotte"]
[Date "2021.09.04"]
[Round "5"]
[White "Lu, Ming"]
[Black "Canty, James H"]
[Result "1-0"]
[WhiteElo "2387"]
[BlackElo "2190"]
[PlyCount "51"]
[EventDate "2021.09.02"]
[EventType "tourn"]
[EventRounds "9"]
[EventCountry "USA"]
[EventCategory "1"]
[SourceTitle "CBM 204 Extra"]
[Source "ChessBase"]
[SourceDate "2021.11.30"]
[SourceVersion "1"]
[SourceVersionDate "2021.11.30"]
[SourceQuality "1"]

1. c4 Nf6 2. Nc3 e6 3. e4 c5 4. e5 Ng8 5. Nf3 Nc6 6. d4 cxd4 7. Nxd4 Qc7 8. Bf4 a6 9. Nxc6 bxc6 10. Bd3 f5 11. h4 g6 12. Qe2 Bg7 13. Kf1 Nh6 14. Re1 Nf7 15. g4 0-0 16. h5 Bb7 17. hxg6 hxg6 18. gxf5 exf5 19. Qe3 g5 20. Qh3 Rfe8 21. Qh7+ Kf8 22. Rg1 Bxe5 23. Bxg5 Qd6 24. Bxf5 Re6 25. Bxe6 Qxe6 26. Bh4 1-0

[Event "Charlotte CCCSA Labor Day IM-C"]
[Site "Charlotte"]
[Date "2021.09.04"]
[Round "4"]
[White "Sethuraman, Sandeep"]
[Black "Lu, Ming"]
[Result "1-0"]
[WhiteElo "2286"]
[BlackElo "2387"]
[PlyCount "83"]
[EventDate "2021.09.02"]
[EventType "tourn"]
[EventRounds "9"]
[EventCountry "USA"]
[EventCategory "1"]
[SourceTitle "CBM 204 Extra"]
[Source "ChessBase"]
[SourceDate "2021.11.30"]
[SourceVersion "1"]
[SourceVersionDate "2021.11.30"]
[SourceQuality "1"]

1. d4 d5 2. c4 c6 3. Nc3 Nf6 4. Nf3 e6 5. Bg5 Nbd7 6. cxd5 exd5 7. Qc2 Be7 8. e3 0-0 9. Bd3 h6 10. Bh4 Re8 11. 0-0 Ne4 12. Bxe7 Qxe7 13. Bxe4 dxe4 14. Nd2 Nf6 15. Rab1 Bf5 16. b4 Rac8 17. Na4 Nd5 18. Nc3 Nxb4 19. Qb3 c5 20. dxc5 Nd3 21. Qxb7 Rc7 22. Qa6 Rxc5 23. Rb3 Be6 24. Rb7 Qh4 25. Ncxe4 Rh5 26. h3 Bxh3 27. Ng3 Bxg2 28. Kxg2 Qh3+ 29. Kf3 Rf5+ 30. Ke2 Nc5 31. Qb5 Rfe5 32. Rb8 Qg4+ 33. Nf3 Nd7 34. Rxe8+ Rxe8 35. Rd1 Re7 36. Rd4 Qe6 37. Qc4 Qb6 38. Kf1 Nf6 39. Kg2 h5 40. Qb4 Qc7 41. Qd6 Qb7 42. Rb4 1-0

[Event "Charlotte CCCSA Labor Day IM-C"]
[Site "Charlotte"]
[Date "2021.09.02"]
[Round "1"]
[White "Martin Del Campo C, Roberto Abel"]
[Black "Lu, Ming"]
[Result "1-0"]
[WhiteElo "2285"]
[BlackElo "2387"]
[PlyCount "73"]
[EventDate "2021.09.02"]
[EventType "tourn"]
[EventRounds "9"]
[EventCountry "USA"]
[EventCategory "1"]
[SourceTitle "CBM 204 Extra"]
[Source "ChessBase"]
[SourceDate "2021.11.30"]
[SourceVersion "1"]
[SourceVersionDate "2021.11.30"]
[SourceQuality "1"]

1. e4 c6 2. d4 d5 3. exd5 cxd5 4. Bd3 Nf6 5. c3 Nc6 6. Bf4 Bg4 7. Qb3 Qd7 8. Nd2 e6 9. Ngf3 Bd6 10. Ne5 Qc7 11. Nxg4 Bxf4 12. Nxf6+ gxf6 13. Nf3 f5 14. 0-0 0-0-0 15. Rfe1 Rhg8 16. Qa4 Rg6 17. Bf1 Kb8 18. Re2 Rdg8 19. Rae1 Rh6 20. g3 Bd6 21. Ne5 Nd8 22. c4 f4 23. cxd5 exd5 24. Rc2 fxg3 25. hxg3 Nc6 26. Bg2 Bxe5 27. Rxe5 Qb6 28. Rxd5 Qb4 29. Qb5 Qe1+ 30. Bf1 Nb4 31. Rg5 Re8 32. Rc1 Qe7 33. Re5 Re6 34. Rxe6 fxe6 35. Qe5+ Ka8 36. Rc7 Qd8 37. Qb5 1-0

[Event "PNWCC-Bulgaria Hybrid"]
[Site "Chess.com INT"]
[Date "2021.08.29"]
[Round "3"]
[White "Zahariev, Zahari"]
[Black "Lu, Ming"]
[Result "1-0"]
[WhiteElo "2370"]
[BlackElo "2387"]
[PlyCount "99"]
[EventDate "2021.08.28"]
[EventType "team-match"]
[EventRounds "4"]
[EventCountry "USA"]
[SourceTitle "CBM 204 Extra"]
[Source "ChessBase"]
[SourceDate "2021.11.30"]
[SourceVersion "1"]
[SourceVersionDate "2021.11.30"]
[SourceQuality "1"]
[WhiteTeam "Bulgaria"]
[BlackTeam "PNWCC"]
[WhiteTeamCountry "BUL"]
[BlackTeamCountry "USA"]

1. Nf3 d5 2. g3 Nd7 3. d4 Nb6 4. Bg2 Bf5 5. 0-0 e6 6. b3 a5 7. a4 Nf6 8. Bb2 Be7 9. Nbd2 Ne4 10. Ne5 Nxd2 11. Qxd2 c6 12. Nd3 0-0 13. f3 h6 14. e4 Bh7 15. Qf2 Nd7 16. Rad1 b5 17. c4 bxc4 18. bxc4 dxc4 19. Ne5 Nxe5 20. dxe5 Qc7 21. Rc1 Rfb8 22. Rxc4 Rb4 23. Rfc1 c5 24. Bf1 Qd7 25. Qc2 Bg5 26. Rd1 Be3+ 27. Kg2 Qxd1 28. Qxd1 Rxb2+ 29. Rc2 Rb4 30. Qd7 Bd4 31. Qc7 Rbb8 32. Ba6 Rd8 33. Bb7 Rab8 34. Qxa5 Bxe5 35. Qb5 f5 36. Qxc5 Bd6 37. Qc6 Bg6 38. exf5 Bxf5 39. Rd2 Bb4 40. Rxd8+ Rxd8 41. g4 Rd2+ 42. Kg1 Rd1+ 43. Kf2 Rd2+ 44. Kg3 Bd6+ 45. f4 Rd3+ 46. Kf2 Bxg4 47. Qe8+ Bf8 48. Be4 Rd2+ 49. Ke3 Rxh2 50. Bg6 1-0

[Event "PNWCC-Bulgaria Hybrid"]
[Site "Chess.com INT"]
[Date "2021.08.28"]
[Round "1"]
[White "Lu, Ming"]
[Black "Pantev, Veselin"]
[Result "1/2-1/2"]
[WhiteElo "2387"]
[BlackElo "2374"]
[PlyCount "81"]
[EventDate "2021.08.28"]
[EventType "team-match"]
[EventRounds "4"]
[EventCountry "USA"]
[SourceTitle "CBM 204 Extra"]
[Source "ChessBase"]
[SourceDate "2021.11.30"]
[SourceVersion "1"]
[SourceVersionDate "2021.11.30"]
[SourceQuality "1"]
[WhiteTeam "PNWCC"]
[BlackTeam "Bulgaria"]
[WhiteTeamCountry "USA"]
[BlackTeamCountry "BUL"]

1. c4 Nc6 2. Nc3 Nf6 3. Nf3 e5 4. e3 Bb4 5. Qc2 a5 6. Nd5 d6 7. a3 Bc5 8. b3 Bg4 9. Be2 Bh5 10. Bb2 Bg6 11. d3 0-0 12. 0-0 Ba7 13. Rac1 Re8 14. Rfd1 Bb8 15. Nxf6+ Qxf6 16. Qd2 Qe7 17. d4 e4 18. Ne1 Qg5 19. b4 h5 20. g3 h4 21. Ng2 hxg3 22. hxg3 axb4 23. axb4 Bh5 24. Bxh5 Qxh5 25. Nf4 Qg4 26. Ra1 Rxa1 27. Rxa1 Ne7 28. Qd1 Qxd1+ 29. Rxd1 c6 30. d5 Bc7 31. c5 Nxd5 32. Nxd5 cxd5 33. Rxd5 Re6 34. Bd4 f6 35. Kf1 Kf7 36. Ke2 Ke8 37. g4 dxc5 38. bxc5 g6 39. f3 exf3+ 40. Kxf3 Bd8 41. e4 1/2-1/2

[Event "PNWCC-Bulgaria Hybrid"]
[Site "Chess.com INT"]
[Date "2021.08.28"]
[Round "2"]
[White "Pantev, Veselin"]
[Black "Lu, Ming"]
[Result "1-0"]
[WhiteElo "2374"]
[BlackElo "2387"]
[PlyCount "65"]
[EventDate "2021.08.28"]
[EventType "team-match"]
[EventRounds "4"]
[EventCountry "USA"]
[SourceTitle "CBM 204 Extra"]
[Source "ChessBase"]
[SourceDate "2021.11.30"]
[SourceVersion "1"]
[SourceVersionDate "2021.11.30"]
[SourceQuality "1"]
[WhiteTeam "Bulgaria"]
[BlackTeam "PNWCC"]
[WhiteTeamCountry "BUL"]
[BlackTeamCountry "USA"]

1. d4 d5 2. Nf3 Nf6 3. c3 c5 4. dxc5 e6 5. e3 Bxc5 6. b4 Bd6 7. a3 a5 8. Bb2 0-0 9. Nbd2 Nbd7 10. Qb3 Qe7 11. Nd4 Nb6 12. Nb5 Be5 13. Nf3 Bb8 14. bxa5 Nc4 15. Bxc4 dxc4 16. Qxc4 Bd7 17. a4 Rc8 18. Qb4 Qd8 19. 0-0 Qxa5 20. Rfd1 Qxb4 21. cxb4 Bxb5 22. axb5 Rxa1 23. Rxa1 Nd5 24. g3 f6 25. e4 Nxb4 26. Ra8 Rd8 27. Ba3 Nd3 28. Be7 Re8 29. Bd6 Bxd6 30. Rxe8+ Kf7 31. Rc8 Ke7 32. Kf1 Nb2 33. Nd2 1-0